Ferro - carriles : estudios del camino directo de Tarragona a Barcelona / Cristoval Raventós estudios del camino directo de Tarragona a Barcelona / Cristoval Raventós
Descripción Física:
[3] p. ; 31 cm
MARC
| LEADER | 00000nam a2200000Ia 4500 | ||
|---|---|---|---|
| 001 | 23549 | ||
| 008 | 160829s1861 xx 000 0 cat d | ||
| 080 | |a RF-17-29 | ||
| 100 | |a Raventós, Cristoval |9 48945 | ||
| 245 | |a Ferro - carriles : |b estudios del camino directo de Tarragona a Barcelona / Cristoval Raventós | ||
| 260 | |a Vilanova i la Geltrú : |b [s.n.], |c 1861 | ||
| 300 | |a [3] p. ; |c 31 cm | ||
| 590 | |a Prové de 931, exp. 8 | ||
| 650 | |a Ferrocarrils |x Tarragona |9 48946 | ||
| 650 | |a Ferrocarrils |x Barcelona |9 47122 | ||
| 856 | 4 | |u https://media.diba.cat/diba/fitxers/arxiu/fulletons/bib_23549_baixa.pdf |y Accés lliure | |
| 856 | 4 | |u https://media.diba.cat/diba/fitxers/arxiu/fulletons/bib_23549_baixa.pdf |y Accés lliure | |
| 901 | |a Arxiu | ||
| 942 | |n 1 |2 udc | ||
| 952 | |0 0 |1 0 |4 0 |6 RF1729 |7 1 |9 54994 |a Arxiu |b Arxiu |d 2012-08-07 |l 0 |o RF-17-29 |p 23549 |r 2016-12-01 00:00:00 |w 2016-12-01 |y ARXIU | ||
| 999 | |c 58864 |d 58864 | ||
| 900 | |a bib_23549_baixa.pdf | ||